00376 a2200157 4500003000400000005001700004008004100021020001800062040000900080082002000089100001500109245003800124250001300162260003300175300001000208OSt20231202110706.0231202b |||||||| |||| 00| 0 eng d a9789386680945 coclc a894.8123bMEE/B aMeera, K R aBhagavaante Maranam /cK.R. Meera a11th ed. aKottayam:bD C books,c2022. a120p.